000 00792nam a2200265 i 4500
003 DO-SdBNP
005 20250109100807.0
007 ta
008 250109b2024 dr ||||| |||| 00| 0 spa d
020 _a9789945484694
040 _aDO-SdBNP
_bspa
_cBNPHU
_erda
041 1 7 _hspa
082 4 _222
_axxxx
_bQ79r
100 _aQuinto Muñoz, Eusebio,
_eautor
_4aut.
_986886
245 1 0 _aRacimos :
_bpoesía /
_cEusebio Quinto Muñoz
264 4 _aSanto Domingo :
_bEditora Flam,
_c©2024.
300 _a120 páginas ;
_c20 cm.
336 _atexto
_btxt
_2rdacontent
337 _asin mediación
_bn
_2rdamedia
338 _avolumen
_bnc
_2rdacarrier
500 _aIncluye datos biográficos del autor en las solapas
590 _aInventariado, 2024/BT
910 _aBtavárez
942 _2ddc
_cLBS1
999 _c58016
_d58016